| 000 | 01768nam a2200313 a 4500 | ||
|---|---|---|---|
| 001 | 000019198 | ||
| 003 | DO-SdBNP | ||
| 005 | 20260312134858.0 | ||
| 008 | 100528s1939 cu r 000 m spa d | ||
| 040 |
_aDO-SdBNP _bspa _cBNPHU |
||
| 082 |
_aPR868.2 _bH831o, 1939 |
||
| 100 | 1 |
_aHostos, Eugenio María de, _d1839-1903 _91352 |
|
| 245 | 1 | 0 |
_aObras completas / _cE. M. de Hostos. |
| 250 | _aEd. conmemorativa del gobierno de Puerto Rico, 1839-1939. | ||
| 260 |
_aLa Habana : _bCultural, _c1939. |
||
| 300 |
_av. ; : _bil., retrs. ; _c22 cm. |
||
| 505 | 0 |
_gvol. 1 y 2: _tDiario -- _gvol. 3 : _tPáginas íntimas -- _gvol. 4 : _tCartas -- _gvol. 5 : _tMadre isla: campaña política por Puerto Rico, 1898-1903 -- _gvol. 6 : _tMi viaje al sur -- _gvol. 7 : _tTemas sudamericanos -- _gvol. 8 : _tLa peregrinación de Bayoán: novela -- _gvol. 9 : _tTemas cubanos -- |
|
| 505 | 0 |
_gvol. 10 : _tLa cuna de América -- _gvol. 11 : _tCrítica: crítica en general, música, pintura y escultura, teatro, letras -- _gvol. 12 y 13 : _tForjando el porvenir americano -- _gvol. 14 : _tHombres e ideas -- _gvol. 15 : _tLecciones de derecho constitucional -- _gvol. 16 : _tTratado de moral -- _gvol. 17 : _tTratado de sociología -- _gvol. 18, 19 y 20 : _tEnsayos didácticos. |
|
| 600 | 1 | 4 |
_aHOSTOS Y BONILLA, EUGENIO MARÍA DE, _d1839-1903 _xCOLECCIONES DE ESCRITOS _935606 |
| 650 | 4 |
_aAutores puertorriqueños _xDiarios _935607 |
|
| 650 | 4 |
_aEnsayos puertorriqueños _98892 |
|
| 650 | 4 |
_aNovela puertorriqueña _91185 |
|
| 650 | 0 |
_aÉtica social _91353 |
|
| 650 | 4 |
_aDerecho constitucional _xEnsayos, conferencias, etc. _935608 |
|
| 650 | 4 |
_aEducación _xEnsayos, conferencias, etc. _931150 |
|
| 650 | 4 |
_aLiteratura puertorriqueña _9250 |
|
| 910 | _aValidado. Control de calidad MFF | ||
| 942 |
_2ddc _cLBS1 |
||
| 999 |
_c18716 _d18716 |
||